<?xml version="1.0" encoding="UTF-8"?><?xml-stylesheet type="text/xsl" href="static/style.xsl"?><OAI-PMH xmlns="http://www.openarchives.org/OAI/2.0/" xmlns:xsi="http://www.w3.org/2001/XMLSchema-instance" xsi:schemaLocation="http://www.openarchives.org/OAI/2.0/ http://www.openarchives.org/OAI/2.0/OAI-PMH.xsd"><responseDate>2026-04-14T03:52:23Z</responseDate><request verb="GetRecord" identifier="oai:www.recercat.cat:2445/175803" metadataPrefix="marc">https://recercat.cat/oai/request</request><GetRecord><record><header><identifier>oai:recercat.cat:2445/175803</identifier><datestamp>2025-12-05T11:58:06Z</datestamp><setSpec>com_2072_1057</setSpec><setSpec>col_2072_478916</setSpec><setSpec>col_2072_478917</setSpec></header><metadata><record xmlns="http://www.loc.gov/MARC21/slim" xmlns:dcterms="http://purl.org/dc/terms/" xmlns:xsi="http://www.w3.org/2001/XMLSchema-instance" xmlns:doc="http://www.lyncode.com/xoai" xsi:schemaLocation="http://www.loc.gov/MARC21/slim http://www.loc.gov/standards/marcxml/schema/MARC21slim.xsd">
   <leader>00925njm 22002777a 4500</leader>
   <datafield ind2=" " ind1=" " tag="042">
      <subfield code="a">dc</subfield>
   </datafield>
   <datafield ind2=" " ind1=" " tag="720">
      <subfield code="a">Alcibar, Olwen Leaman</subfield>
      <subfield code="e">author</subfield>
   </datafield>
   <datafield ind2=" " ind1=" " tag="720">
      <subfield code="a">Nadal, Ernest</subfield>
      <subfield code="e">author</subfield>
   </datafield>
   <datafield ind2=" " ind1=" " tag="720">
      <subfield code="a">Romero Palomar, Inmaculada</subfield>
      <subfield code="e">author</subfield>
   </datafield>
   <datafield ind2=" " ind1=" " tag="720">
      <subfield code="a">Navarro Martín, Arturo</subfield>
      <subfield code="e">author</subfield>
   </datafield>
   <datafield ind2=" " ind1=" " tag="260">
      <subfield code="c">2021-03-26T10:29:16Z</subfield>
   </datafield>
   <datafield ind2=" " ind1=" " tag="260">
      <subfield code="c">2021-03-26T10:29:16Z</subfield>
   </datafield>
   <datafield ind2=" " ind1=" " tag="260">
      <subfield code="c">2021-01-01</subfield>
   </datafield>
   <datafield ind2=" " ind1=" " tag="260">
      <subfield code="c">2021-03-24T07:43:51Z</subfield>
   </datafield>
   <datafield ind2=" " ind1=" " tag="520">
      <subfield code="a">Despite adequate treatment, 50% of stage III locally advanced inoperable non-small cell lung cancer (NSCLC) patients have a locoregional relapse. Local control on early stages on the contrary, is as high as 85-90% with stereotactic body radiotherapy (SBRT). The addition of SBRT to conventional chemoradiation or its use in monotherapy in stage III NSCLC is a novel strategy to decrease local failure that has been explored by various authors. This is a systematic review of studies using SBRT in inoperable stage III NSCLC. Search results obtained 141 articles of which only 6 original studies were pointed as relevant. Three of these studies were prospective, of which 2 were phase I dose-scalation studies and remaining 3 were retrospective. In summary, SBRT outcomes on 134 patients were included. Median dose in the SBRT treatment was 22.5 Gy in 2 to 7 fractions. Obtained global toxicity was 3.7% grade 5 and 14.17% grade 3. Dose-escalation studies proposed a 2 fraction SBRT schedule of 20-24 Gy, obtaining a 78% local control rate at 1 year and an OS of 67%. Initial improvement in local control with this innovative therapeutic strategy has led to ongoing phase II and III clinical trials that will evaluate the efficiency of SBRT in stage III NSCLC clinical scenario.</subfield>
   </datafield>
   <datafield tag="653" ind2=" " ind1=" ">
      <subfield code="a">Càncer de pulmó</subfield>
   </datafield>
   <datafield tag="653" ind2=" " ind1=" ">
      <subfield code="a">Radioteràpia</subfield>
   </datafield>
   <datafield tag="653" ind2=" " ind1=" ">
      <subfield code="a">Lung cancer</subfield>
   </datafield>
   <datafield tag="653" ind2=" " ind1=" ">
      <subfield code="a">Radiotherapy</subfield>
   </datafield>
   <datafield ind2="0" ind1="0" tag="245">
      <subfield code="a">Systematic review of stereotactic body radiotherapy in stage III non-small cell lung cancer</subfield>
   </datafield>
</record></metadata></record></GetRecord></OAI-PMH>